000 00342nam a2200133Ia 4500
008 240624s9999 xx 000 0 und d
041 _aeng
082 _a658.312404 HAY
100 _aHAYES JOHN
245 _aINTERPERSONAL SKILLS AT WORK
260 _c2012
_aNew Delhi
_bTata McGraw - Hill
300 _a306 : p. : cm. ; 28
365 _cRS
_b33
999 _c26362
_d26362